LEADER 00874nam a2200205 i 4500 001 000000230061 003 CaOOAMICUS 005 20251212135335.0 008 140526s1772 it u000 u fre u 013 $a208963 026 $ax.e- n,ur r-de Cale (3) 1772 (R) 040 $aSeMil$bita 245 10$aTome 2. 300 $avii, [1], 352 p. 500 $aSegn.: a4 A-O12 P8. 773 0 $aBoulanger, Nicolas-Antoine <1722-1759>$tAntiquité devoilée par ses usages. Ou examen critique des principales opinions, cérimonies & insitutions religieuses & politiques des differens peules de la Terre. Par feu M. Boulanger. Tome 1. [-3.].$dA Amsterdam : Chez Marc Michel Rey, 1772.$g2$w()29985 850 $aSeMil 852 $aSeMil$W1$xVenegono$y1$m2R III 33 FA$j180407$B180407$CSeMilBibl$Z2$F191423 $8I 996 $6245$aTome 2$9(OLS)http://semarc/title/1533 LEADER 01243nam a2200229 i 4500 001 000000105063 003 CaOOAMICUS 005 20020130000000.0 008 020130s1977 be u000 u lat u 013 $a77252 040 $aSeMil$bita 100 1 $aJulianus : Aeclanensis .$0(OLS)http://semarc/name/44333 245 10$aExpositio Libri Iob ; Tractatus Prophetarum ; Osee Iohel et Amos :$baccedunt operum deperditorum fragmenta post Albertum Bruckner denuo collecta aucta ordinata /$cIuliani Aeclanensis ; Auxiliante Maria Josepha d'Hont, edidit Lucas de Coninck. 300 $aXXXIV, 431 p. ;$c26 cm. 490 0 $aCorpus Christianorum. Series Latina ;$v88. 700 1 $aD'hont, Maria Josepha.$0(OLS)http://semarc/name/44335 700 1 $aConinck, Lucas : de.$0(OLS)http://semarc/name/44334 830 0$aCorpus Christianorum. Series Latina ;$v88.$0(OLS)http://semarc/title/37 850 $aSeMil 852 $aSeMil$W1$xVenegono$y1$mSL2.J I 88$j61346$B61346$CSeMilBibl$Z2$F70654 $8I 961 $aSottoscrizione: Brepols 996 $6245$aExpositio Libri Iob ; Tractatus Prophetarum ; Osee Iohel et Amos :$baccedunt operum deperditorum fragmenta post Albertum Bruckner denuo collecta aucta ordinata$9(OLS)http://semarc/title/152167